| 000 | 00570pam a2200181 a 4500 | ||
|---|---|---|---|
| 020 | _a0419149309 (HB) | ||
| 020 | _a0442311664 (USA) | ||
| 082 | 0 | 0 |
_a693.1 _bSOW |
| 245 | 0 | 4 |
_aThe Maintenance of brick and stone masonry structures / _cedited by A.M. Sowden. |
| 250 | _a1st ed. | ||
| 260 |
_aLondon ; _aNew York : _bE. & F.N. Spon, _c1990. |
||
| 300 |
_axxviii, 372 p. : _bill. ; _c25 cm. |
||
| 526 |
_a0 _b0 _c0 _d693_100000000000000_SOW |
||
| 650 | 0 |
_aMasonry _xMaintenance and repair. _945411 |
|
| 650 | 0 |
_aMCE _9379 |
|
| 700 | 1 |
_aSowden, A. M. _945412 |
|
| 942 |
_2ddc _cBK |
||
| 999 |
_c548942 _d548942 |
||